Bruno Latour, Politiques de la nature. Comment faire entrer les sciences en démocratie, Paris, La Découverte, 1999. (notice n° 1631478)

détails MARC
000 -LEADER
fixed length control field 02035cam a2200169 4500500
005 - DATE AND TIME OF LATEST TRANSACTION
control field 20260111105812.0
041 ## - LANGUAGE CODE
Language code of text/sound track or separate title fre
042 ## - AUTHENTICATION CODE
Authentication code dc
100 10 - MAIN ENTRY--PERSONAL NAME
Personal name Aucante, Yohann
Relator term author
245 00 - TITLE STATEMENT
Title Bruno Latour, Politiques de la nature. Comment faire entrer les sciences en démocratie, Paris, La Découverte, 1999.
260 ## - PUBLICATION, DISTRIBUTION, ETC.
Date of publication, distribution, etc. 2001.<br/>
500 ## - GENERAL NOTE
General note 49
520 ## - SUMMARY, ETC.
Summary, etc. Résumé Une analyse des causes de la défaite de la coalition de centre gauche aux élections italiennes de mai 2001 amène à penser que la victoire de l’alliance conservatrice, Polo delle Libertà, guidée par Silvio Berlusconi, ne peut pas offrir de solution stable à la crise du système politique italien qui a commencé, au début des années 1990, avec les procès pour corruption de Mani Pulite. Cette victoire va, au contraire, prolonger un état de confusion et d’instabilité des forces politiques et renforcer les principales faiblesses du système italien que sont l’absence d’une séparation claire entre sphères économique et politique et le déficit de responsabilité des acteurs politiques et gouvernementaux.
520 ## - SUMMARY, ETC.
Summary, etc. The article analyses the causes of the defeat of the centre-left coalition at the Italian elections of May 2001 ; it suggests that the victory of the right-wing alliance ‘Polo delle Libertà’ led by Silvio Berlusconi does not offer a stable solution to the crisis that the Italian political system has experienced since the beginning of the 1990s, following the corruption trials of ‘Mani pulite’, but reproduces a paralysing state of confusion and instability of the political forces ; in particular it identifies the main weaknesses of the Italian system in the inadequate separation of economic and political spheres and in a lack of responsibility and accountability of political and governmental agents.
786 0# - DATA SOURCE ENTRY
Note Raisons politiques | 3 | 3 | 2001-08-01 | p. 175b-189b | 1291-1941
856 41 - ELECTRONIC LOCATION AND ACCESS
Uniform Resource Identifier <a href="https://shs.cairn.info/revue-raisons-politiques-2001-3-page-175b?lang=fr&redirect-ssocas=7080">https://shs.cairn.info/revue-raisons-politiques-2001-3-page-175b?lang=fr&redirect-ssocas=7080</a>

Pas d'exemplaire disponible.

PLUDOC

PLUDOC est la plateforme unique et centralisée de gestion des bibliothèques physiques et numériques de Guinée administré par le CEDUST. Elle est la plus grande base de données de ressources documentaires pour les Étudiants, Enseignants chercheurs et Chercheurs de Guinée.

Adresse

627 919 101/664 919 101

25 boulevard du commerce
Kaloum, Conakry, Guinée

Réseaux sociaux

Powered by Netsen Group @ 2025